Anh hùng tiêu sơn

Bewaard in:
Bibliografische gegevens
Hoofdauteur: Trần, Đại Sỹ
Formaat: Boek
Taal:Undetermined
Gepubliceerd in: Thành phố Hồ Chí Minh Trẻ 2003
Onderwerpen:
Tags: Voeg label toe
Geen labels, Wees de eerste die dit record labelt!
Thư viện lưu trữ: Trung tâm Học liệu Trường Đại học Cần Thơ
LEADER 00554nam a2200193Ia 4500
001 CTU_88788
008 210402s9999 xx 000 0 und d
020 |c 120000 
082 |a 895.9223081 
082 |b S600/P.2 
100 |a Trần, Đại Sỹ 
245 0 |a Anh hùng tiêu sơn 
245 0 |c Trần Đại Sỹ 
260 |a Thành phố Hồ Chí Minh 
260 |b Trẻ 
260 |c 2003 
650 |a Historical fiction,vietnamese 
904 |i Trúc Phương,Hải 
980 |a Trung tâm Học liệu Trường Đại học Cần Thơ